100 villes par lettre - A - Statistiques

Statistiques générales
  • Ce quiz a été pris 193 fois
  • Le résultat moyen est 43 sur 100
Statistiques - réponses
Indices Villes % Correct
On danse tout en rond sur son pont, il paraît Avignon
99%
Le berceau de la démocratie Athènes
95%
Napoléon Bonaparte naquit et grandit dans cette ville Ajaccio
87%
Ville antique célèbre pour sa bibliothèque ou encore son phare Alexandrie
85%
Capitale du Ghana Accra
79%
Anne Frank y écrivit son journal Amsterdam
78%
Abrite la moitié de la population de la Jordanie Amman
77%
S'y déroule chaque année le festival de la bande dessinée Angoulême
77%
Capitale française du pruneau Agen
76%
Capitale du Texas Austin
76%
Son cap consiste en une géante station balnéaire, dont le site naturiste le plus connu de France Agde
74%
Ville bourguignonne dont le club de football oscille entre Ligue 1 et Ligue 2 Auxerre
74%
Surnommée Tana par sa population malgache Antananarivo
73%
Capitale sudaméricaine Asunción
73%
Capitale économique néozélandaise Auckland
73%
Choisie comme nouvelle capitale par Atatürk pour sa position plus centrale dans le pays Ankara
71%
Ville provençale réputée pour ses arènes et autres monuments romains Arles
70%
Ville savoyarde hôte des Jeux olympiques d'hiver de 1992 Albertville
66%
Ville picarde dont la cathédrale Notre-Dame est inscrite à l'UNESCO Amiens
66%
Surnommée Venise des Alpes grâce à ses canaux et son lac réputé Annecy
66%
Ville nigériane dont le nom en 3 lettres rappelle un groupe de musique suédois Aba
63%
Capitale historique de l'Anjou Angers
63%
Remplace Lagos en tant que capitale en 1991 Abuja
62%
Capitale sous Charlemagne Aix-la-Chapelle
62%
Cette ville et son bassin se trouvent à quelques kilomètres de la dune du Pilat Arcachon
62%
Grande rivale historique de Damas en Syrie Alep
56%
Deuxième port le plus important d'Europe Anvers
56%
Capitale du Turkménistan Achgabat
55%
Plus grande ville d'Alaska Anchorage
55%
L'aéroport le plus fréquenté du monde la dessert Atlanta
55%
Troisième ville d'Ecosse Aberdeen
54%
Destination balnéaire mexicaine d'excellence pendant les années 1950 Acapulco
53%
Ville et vallée italienne piégée entre le Mont Blanc, le Cervin et le Mont Paradis Aoste
53%
Capitale pyrénéenne Andorre-la-Vieille
52%
Préfecture du Gers Auch
52%
Principale station balnéaire turque Antalya
50%
Cette ville australienne est l'une des 8 capitales mondiales du vin Adelaïde
49%
Capitale de l'Etat de New York, et non pas un pays européen Albany
49%
Banlieue bruxelloise abritant le plus grand club de football du pays Anderlecht
49%
Capitale de l'Erythrée Asmara
49%
Connue sous le nom de Nour-Soultan lors d'une brève période Astana
49%
Plus grande ville francophone du golfe de Guinée Abidjan
47%
Ville thermale située sur le lac du Bourget Aix-les-Bains
46%
Son barrage régule le flux du Nil pour toute l'Egypte Assouan
45%
On y trouve notamment le Taj Mahal Agra
44%
Accueille une antenne du Louvre depuis 2017 Abou Dabi
43%
Capitale des Samoa Apia
43%
Plus grande ville du Val-d'Oise Argenteuil
43%
Ville marocaine dévastée par un séisme en 1960 Agadir
41%
Accueille chaque année le Main Square Festival dans les Hauts-de-France Arras
41%
Ville de Paul Cézanne, comptant de nombreux hôtels particuliers Aix-en-Provence
40%
Donne son nom à un géant lac salé kazakh dont l'assèchement est un désastre écologique Aral
39%
Grande ville kazakhe signifiant Ville des pommes Almaty
38%
Entre Bayonne et Biarritz Anglet
37%
Défaite cuisante pour les français lors de la Guerre de Cent Ans, dans l'actuel Pas-de-Calais Azincourt
37%
Pratiquement au centre de l'Australie, elle est parfois présente sur les cartes mondiales Alice Springs
36%
On y trouve Sophia Antipolis, la première technopôle d'Europe Antibes
36%
Plus grandes villes de la partie continentale du Danemark, commençant toutes deux par "Aa" Aalborg
35%
Compte plusieurs châteaux notables, dont la dernière résidence de Léonard de Vinci Amboise
35%
Plus grandes villes de la partie continentale du Danemark, commençant toutes deux par "Aa" Aarhus
34%
S'y déroule l'intrigue de Breaking Bad Albuquerque
34%
Située à la frontière entre la Normandie et le Maine Alençon
34%
Autrefois surnommée la Manchester de l'Inde, c'est l'une des principales villes du pays Ahmedabad
33%
Malgré son nom, cette banlieue marseillaise n'abrite pas de prison Aubagne
33%
Donne son nom à une mer entourée par la Crimée, l'Ukraine continentale et la Russie Azov
33%
Troisième ville de Bavière Augsbourg
32%
Ancien comptoir britannique au Yémen Aden
30%
Le gentilé de cette préfecture française désignait autrefois les populations cathares hérétiques Albi
30%
Sous-préfecture au pied des Cévennes Alès
30%
L'australopithèque Lucy est conservée dans son musée national Addis Abeba
29%
Reliée à Genève par le tramway Annemasse
28%
L'une des villes les plus froides de France d'après les cartes météo Aurillac
28%
Plus grande ville de la Costa Blanca Alicante
27%
Dans les environs de Naples, elle donne son nom à une côte touristique et classée à l'UNESCO Amalfi
27%
Elle se trouvait au début de l'estuaire de la Baie de Somme avant l'artificialisation du cours d'eau Abbeville
26%
Ville de naissance de Daniel Auteuil, Guy Bedos ou encore Didier Bourdon Alger
24%
Ville mexicaine se traduisant littéralement par eaux chaudes Aguascalientes
23%
Donne son nom à deux cantons suisses Appenzell
23%
Destination touristique de la côte est étatsunienne, notamment grâce à ses casinos Atlantic City
23%
Les serres agricoles entourant cette ville andalouse sont visibles depuis l'espace Almería
21%
Banlieue de Los Angeles ayant accueilli le premier Disneyland Anaheim
20%
Aujourd'hui turque, elle a joué un rôle majeur dans les débuts du christiannisme Antioche
20%
Port stratégique russe depuis plusieurs siècles, proche de la mer Blanche Arkhangelsk
19%
Unique port de Jordanie donnant son nom au golfe sur lequel il débouche Aqaba
17%
Deuxième plus grande ville du Pérou Arequipa
17%
Capitale de l'un des deux Luxembourg Arlon
17%
On y trouve des vestiges des ports artificiels déployés lors du débarquement de Normandie Arromanches-les-Bains
17%
Deuxième agglomération islandaise, au nord de l'île Akureyri
13%
Port espagnol dans le détroit de Gibraltar Algésiras
13%
Capitale des Marches Ancône
13%
Ancien carrefour de caravanes traversant le Sahara, au centre de l'actuel Niger Agadez
12%
Plus grande ville de Castille-la-Manche Albacete
12%
Capitale de la Corse à l'époque romaine Aléria
12%
Ville au nord d'Israel stratégique au cours des croisades, aujourd'hui classée à l'UNESCO Acre
10%
A mi-chemin entre Bruxelles et Gand Alost
10%
Port principal du désert d'Atacama Antofagasta
9%
Située à l'embouchure de la Volga Astrakhan
9%
Ville à rejoindre si vous souhaitez monter le Kilimandjaro Arusha
8%
La ville la plus orientale de Russie, sur la mer de Béring Anadyr
5%
Ville indienne signifiant littéralement Ville de Dieu, nommée ainsi par les moghols musulmans Allahabad
4%
Aucun quiz correspondant
Distribution des résultats
% des personnes avec chaque résultat
Percentile par nombre de réponses
Votre historique - résultats
Vous n’avez pas pris ce quiz